000 00621nam a2200253 a 4500
001 nice12345678
003 IN_TiNIC
005 20260116011307.0
008 050524s1945 laha grp 000 0 eng
020 _a
_c100
082 0 0 _a323.39710954
_bAHM1
100 _aAhmad, Jamil-Ud-Din
245 _aSome Aspects of Pakistan
260 _aLahore
_bAshraf Press
_c1945
300 _a28p
500 _aincludes index and biblioraphy
505 2 _aAppendix
650 _aMuslims-India-Politics
650 _aPakistan-Movement
700 1 _aAhmad, Jamil-Ud-Din
902 _bSRS
942 _cBK
999 _c241
_d241